| 000 | 00983nam a2200241Ia 4500 | ||
|---|---|---|---|
| 003 | GCL | ||
| 008 | 140319s9999 xx 000 0 ara d | ||
| 040 |
_aGCL / _cGCL |
||
| 082 | 0 | 4 |
_a301.243 _bع ت |
| 100 | 1 | _aعبدالحفيظ محمد شناق | |
| 245 | 1 | 0 |
_aالتحضر وتأثيره على القيم والاتجاهات الدينية فى مجتمع دولة الامارات العربية المتحدة / _cعبدالحفيظ محمد شناق |
| 260 |
_aالامارات : _bالمؤلف |
||
| 300 |
_a325 ص ؛ _c24 سم |
||
| 650 | 0 | 4 | _aالعصر الحديث |
| 650 | 0 | 4 | _aالحضارة العربية الاسلامية - المعارف البحرية |
| 650 | 0 | 4 | _aالتنمية الاجتماعية |
| 650 | 0 | 4 | _aالاسلام والمجتمع |
| 650 | 0 | 4 | _aالخليج العربى |
| 650 | 0 | 4 | _aالعصر الحجرى |
| 650 | 0 | 4 | _aالتاريخ العربى |
| 650 | 0 | 4 | _aالامارات العربية المتحدة |
| 942 |
_2ddc _cBK |
||
| 999 |
_c35815 _d35815 |
||